Bidirectional Interplay Between Microglia and Mast Cells

Microglia, the brain’s resident innate immune cells, play a fundamental role in maintaining neural homeostasis and mediating responses to injury or infection. Upon activation, microglia undergo morphological and functional changes, including phenotypic switching between pro- and anti-inflammatory ty...

Teljes leírás

Elmentve itt :
Bibliográfiai részletek
Szerzők: Lakatos Szandra
Rosta Judit
Dokumentumtípus: Cikk
Megjelent: 2025
Sorozat:INTERNATIONAL JOURNAL OF MOLECULAR SCIENCES 26 No. 15
Tárgyszavak:
doi:10.3390/ijms26157556

mtmt:36305974
Online Access:http://publicatio.bibl.u-szeged.hu/39549
LEADER 02363nab a2200229 i 4500
001 publ39549
005 20260305095751.0
008 260305s2025 hu o 000 eng d
022 |a 1661-6596 
024 7 |a 10.3390/ijms26157556  |2 doi 
024 7 |a 36305974  |2 mtmt 
040 |a SZTE Publicatio Repozitórium  |b hun 
041 |a eng 
100 1 |a Lakatos Szandra 
245 1 0 |a Bidirectional Interplay Between Microglia and Mast Cells  |h [elektronikus dokumentum] /  |c  Lakatos Szandra 
260 |c 2025 
300 |a 16 
490 0 |a INTERNATIONAL JOURNAL OF MOLECULAR SCIENCES  |v 26 No. 15 
520 3 |a Microglia, the brain’s resident innate immune cells, play a fundamental role in maintaining neural homeostasis and mediating responses to injury or infection. Upon activation, microglia undergo morphological and functional changes, including phenotypic switching between pro- and anti-inflammatory types and the release of different inflammatory mediators. These processes contribute to neuroprotection and the pathogenesis of various central nervous system (CNS) disorders. Mast cells, although sparsely located in the brain, exert a significant influence on neuroinflammation through their interactions with microglia. Through degranulation and secretion of different mediators, mast cells disrupt the blood–brain barrier and modulate microglial responses, including alteration of microglial phenotypes. Notably, mast cell-derived factors, such as histamine, interleukins, and tryptase, activate microglia through various pathways including protease-activated receptor 2 and purinergic receptors. These interactions amplify inflammatory cascades via various signaling pathways. Previous studies have revealed an exceedingly complex crosstalk between mast cells and microglia suggesting a bidirectional regulation of CNS immunity, implicating their cooperation in both neurodegenerative progression and repair mechanisms. Here, we review some of the diverse communication pathways involved in this complex interplay. Understanding this crosstalk may offer novel insights into the cellular dynamics of neuroinflammation and highlight potential therapeutic targets for a variety of CNS disorders. 
650 4 |a Általános orvostudomány 
700 0 1 |a Rosta Judit  |e aut 
856 4 0 |u http://publicatio.bibl.u-szeged.hu/39549/1/36305974_ijms-26-07556.pdf  |z Dokumentum-elérés